Make Up Your Mind Lyrics (Florence + the Machine) - Statistics

General Stats
  • This quiz has been taken 48 times
  • The average score is 345 of 444
Answer Stats
Answer % Correct
I
100%
Make
100%
(make
100%
make
100%
me
100%
mind
100%
to
100%
up
100%
up,
100%
up)
100%
You
100%
you
100%
you)
100%
your
100%
a
95%
be
95%
for
95%
the
95%
The
95%
What
90%
And
86%
and
86%
in
86%
is
86%
Is
86%
It
86%
it
86%
on
86%
on,
86%
so
86%
do
81%
he
81%
Let
81%
let
81%
(let
81%
love
81%
my
81%
My
81%
time
81%
But
76%
can
76%
Cause
76%
Every
76%
every
76%
never
76%
you're
76%
can't
71%
down
71%
I'd
71%
if
71%
killer
71%
mine
71%
water
71%
always
67%
around
67%
been
67%
been
67%
drink
67%
go
67%
I've
67%
(I've
67%
or
67%
that
67%
thought
67%
try
67%
back's
62%
breaking
62%
breaking...)
62%
breaking,
62%
else
62%
guillotine
62%
just
62%
live
62%
lose
62%
much
62%
power
62%
there's
62%
While
62%
while
62%
are
57%
hand
57%
heavy
57%
saving
57%
turn
57%
wall,
57%
wall
57%
you've
57%
Before
52%
before
52%
bring
52%
neck
52%
oh
52%
although
48%
like
48%
look
48%
Not
48%
one?
48%
want
48%
axe
43%
changing
43%
fall,
43%
Now
43%
sits
43%
slowly
43%
done?
38%
eyes
38%
gonna
38%
hands
38%
best
33%
current
33%
shore
33%
sip
33%
comes,
29%
How'd
29%
hums
29%
hums,
29%
ready
29%
steady
29%
than
29%
that's
29%
arms
24%
blindfold
24%
facing
24%
knees
24%
land
24%
shaking
24%
Sword
24%
within
24%
bluer
19%
executioner's
19%
sea
19%
tide
19%
No matching quizzes found
Score Distribution
Percent of People with Each Score
Percentile by Number Answered
Your Score History
You have not taken this quiz